| 000 | 00606nam a2200205 a 4500 | ||
|---|---|---|---|
| 001 | 000007597 | ||
| 005 | 20240530073911.0 | ||
| 008 | 090909s2005 dr r 000 j spa d | ||
| 020 | _a9993479438 | ||
| 040 |
_aDO-SdBNP _bspa _cBNPHU |
||
| 082 |
_aRD863.44 _bG934m |
||
| 100 | 1 |
_aGuerrero, Celio, _d1951- _921066 |
|
| 245 | 1 | 3 |
_aEl mundo de Melva / _cCelio Guerrero. |
| 260 |
_aSanto Domingo : _bBúho, _c2005. |
||
| 300 |
_a293 p. : _b23 p. |
||
| 590 | _aInventariado, 2020/BT | ||
| 650 | 0 |
_aNovela dominicana _9223 |
|
| 650 | 0 |
_aLiteratura dominicana. _967 |
|
| 910 | _aValidado. Control de calidad. MMOLINA | ||
| 999 |
_c7377 _d7377 |
||